00608 2200205 4500001002100000005001700021008004100038020002400079035002400103082001200127090001700139100001600156245011200172250001000284260003900294300002000333504001400353650001000367700002500377YOGYA-0411000000077620110411083020.0 ind  a979 - 341 - 058 - 2 0010-041100000000776 a297.577 a297.577bBur aBurhanuddin aNikah Siri ; Menjawab Semua Pertanyaan tentang Nikah Siri / Burhanuddin ; Penyunting , Tim Pustaka Yustisia aCet 1 aYogyakartabPustaka Yustisiac2010 a104 hlm.c21 cm a102 - 103 aNikah aTim Pustaka Yustisia